[Event "Women's Speed Chess Q1"]
[Site "chess.com INT"]
[Date "2020.06.18"]
[Round "1"]
[White "Petrova, Irina"]
[Black "Singgih, Diajeng Theresa"]
[Result "0-1"]
[WhiteTitle "WIM"]
[BlackTitle "WFM"]
[WhiteElo "2087"]
[BlackElo "1972"]
[WhiteFideId "14124122"]
[BlackFideId "7104391"]
[EventDate "2020.06.18"]

1. d4 d5 2. c4 e6 3. Nc3 Nf6 4. Bg5 Be7 5. e3 O-O 6. Nf3 b6 7. cxd5 Nxd5 8. Bxe7
Qxe7 9. e4 Nxc3 10. bxc3 Bb7 11. Bd3 c5 12. O-O Nd7 13. Re1 cxd4 14. cxd4 Rac8
15. Qa4 a6 16. Rac1 b5 17. Qb3 Nb6 18. Ne5 Qd6 19. Nf3 Rfd8 20. Bb1 Nc4 21. Qd3
e5 22. d5 Rc5 23. Qe2 f5 24. Bd3 fxe4 25. Qxe4 g6 26. Bxc4 bxc4 27. Nxe5 Bxd5
28. Qh4 Rc7 29. Ng4 Rf8 30. Rcd1 c3 31. Qg5 c2 32. Rc1 Bxa2 33. Qe3 Qc5 34. Qe2
Bb3 35. Qd2 a5 36. Qd3 a4 37. Qh3 Qh5 38. Qg3 Rcf7 39. h3 Kh8 40. Qc3+ Kg8 41.
Rf1 Qg5 42. Rfe1 h5 43. Ne3 Rxf2 44. Qd4 Kh7 45. Qd7+ Kh6 46. Qd4 Re8 47. Qc5
Rxe3 48. Qxe3 Rxg2+ 49. Kh1 Qxe3 50. Rxe3 Rd2 51. Rxb3 axb3 52. Kg1 Rd1+ 53.
Rxd1 cxd1=Q+ 54. Kg2 b2 55. Kg3 b1=Q 56. Kg2 Qbc2+ 57. Kg3 Qdd3+ 58. Kf4 Qcc4+
59. Ke5 Qdd5+ 60. Kf6 Qcc6+ 61. Ke7 0-1

[Event "Women's Speed Chess Q1"]
[Site "chess.com INT"]
[Date "2020.06.18"]
[Round "1"]
[White "Zvereva, Margarita"]
[Black "Robledo, Cristian"]
[Result "0-1"]
[WhiteTitle "WFM"]
[BlackTitle "FM"]
[WhiteElo "1929"]
[BlackElo "2274"]
[WhiteFideId "34177741"]
[BlackFideId "133450"]
[EventDate "2020.06.18"]

1. e4 c5 2. Nf3 e6 3. d4 cxd4 4. Nxd4 a6 5. Nc3 Qc7 6. Be2 Nf6 7. O-O d6 8. a4
b6 9. Kh1 Nbd7 10. f4 Bb7 11. Bf3 h5 12. Qe2 Be7 13. Be3 g6 14. Rae1 Rc8 15. Bg1
Qb8 16. e5 dxe5 17. fxe5 Ng4 18. Bxb7 Qxb7 19. Nf3 h4 20. h3 Nh6 21. Ne4 Nf5 22.
Bh2 Nc5 23. Nd6+ Bxd6 24. exd6 O-O 25. Ng5 Qd7 26. Ne4 Nxe4 27. Qxe4 Rc5 28. Rd1
Rfc8 29. c3 Rc4 30. Qe5 R4c5 31. Qf6 Qd8 32. Qxd8+ Rxd8 33. Rf2 Rd7 34. Rfd2 Rc4
35. Kg1 Rxa4 36. Kf2 Rc4 37. Rd3 a5 38. Ra1 Rc6 39. Rad1 f6 40. Kf3 e5 41. Ke4
Rcxd6 42. Rxd6 Rxd6 43. Rxd6 Nxd6+ 44. Kd5 Nf5 45. Kc6 e4 46. Kxb6 e3 47. Bg1 e2
48. Bf2 a4 49. Ka5 Kf7 50. Kxa4 Ke6 51. b4 Kd5 52. b5 Ne3 53. b6 Kc6 54. Ka5
Nxg2 55. Ka6 Nf4 56. b7 Ne6 57. b8=Q Nc5+ 58. Ka5 Nd3 0-1

[Event "Women's Speed Chess Q1"]
[Site "chess.com INT"]
[Date "2020.06.18"]
[Round "1"]
[White "Koridze, Lile"]
[Black "Vidruska, Renate"]
[Result "1/2-1/2"]
[WhiteTitle "WFM"]
[BlackTitle "WFM"]
[WhiteElo "1996"]
[BlackElo "2045"]
[WhiteFideId "13612514"]
[BlackFideId "11601841"]
[EventDate "2020.06.18"]

1. d4 Nf6 2. c4 e6 3. g3 d5 4. Bg2 Be7 5. Nf3 O-O 6. O-O dxc4 7. Ne5 Nc6 8. Nxc6
bxc6 9. Na3 Ba6 10. Qa4 Bb5 11. Nxb5 cxb5 12. Qxb5 Rb8 13. Qxc4 Rb4 14. Qc2 Rxd4
15. Be3 Rd7 16. Bxa7 Nd5 17. a3 c5 18. Bxc5 Rc7 19. b4 Bxc5 20. bxc5 Qe7 21.
Rac1 Rfc8 22. c6 Qd6 23. Qd3 Rxc6 24. Rcd1 Rc3 25. Qd2 Qxa3 26. Bxd5 exd5 27.
Qxd5 h6 28. Qf5 R3c5 29. Qf4 Rc3 30. Rd7 Qa2 31. Rfd1 Rf8 32. Qe4 Rc2 33. Rd8
Rc8 34. Rxf8+ Rxf8 35. Qe7 Qa5 36. e4 Qg5 37. Qd7 Qg6 38. e5 Qc2 39. Qd3 Qxd3
40. Rxd3 Re8 41. f4 g6 42. Kf2 h5 43. Kf3 Kg7 44. Rd7 Re6 45. Ke4 Re8 46. f5
gxf5+ 47. Kxf5 h4 48. g4 Ra8 49. e6 Ra5+ 50. Kf4 Ra4+ 51. Kg5 h3 52. Rxf7+ Kg8
53. Rf5 Ra2 54. Re5 Kf8 55. Kf6 Ke8 56. g5 Rf2+ 57. Kg7 Rxh2 58. g6 Rg2 59. Rh5
Ke7 60. Rxh3 Kxe6 61. Rf3 Ke7 62. Rf4 Ke6 63. Kf8 Rxg6 64. Ra4 Kf5 65. Ra5+ 1/2-1/2

[Event "Women's Speed Chess Q1"]
[Site "chess.com INT"]
[Date "2020.06.18"]
[Round "1"]
[White "Kanyamarala, Trisha"]
[Black "Antolak, Julia"]
[Result "0-1"]
[WhiteTitle "WIM"]
[BlackTitle "WIM"]
[WhiteElo "2193"]
[BlackElo "2323"]
[WhiteFideId "45004722"]
[BlackFideId "1159569"]
[EventDate "2020.06.18"]

1. d4 Nf6 2. c4 g6 3. Nc3 Bg7 4. e4 d6 5. Nf3 O-O 6. Be2 Nbd7 7. O-O e5 8. Qc2
Nh5 9. Rd1 Nf4 10. Bf1 c5 11. dxe5 dxe5 12. Be3 Ne6 13. Nd5 Nd4 14. Bxd4 exd4
15. Rac1 Nb8 16. b4 b6 17. bxc5 bxc5 18. Qa4 Bg4 19. Be2 Bxf3 20. Bxf3 Nd7 21.
Qa3 Re8 22. Bg4 Rxe4 23. Bxd7 Qxd7 24. Nb6 axb6 25. Qxa8+ Re8 26. Qa6 d3 27.
Qxb6 d2 28. Rb1 Bc3 29. h3 Qf5 30. Qb5 Qe5 31. a4 Kf8 32. a5 Qf5 33. Kh2 Qxf2
34. Rf1 Be5+ 35. Kh1 Qg3 36. Qxc5+ Kg8 37. Qg1 Bf4 38. Rbd1 Be3 39. Qh2 Qg5 40.
Qd6 Qxa5 41. Qd7 Rf8 42. Qd5 Qxd5 43. cxd5 Rd8 44. Rf3 Bh6 45. Rd3 Rd6 46. Kg1
Kf8 47. Kf1 Ke7 48. Ke2 Kf6 49. g3 Ke5 50. Rf1 f5 51. Rd1 Rxd5 52. Rxd5+ Kxd5
53. Kd3 Ke5 54. g4 fxg4 55. hxg4 Bg5 56. Ke2 Ke4 57. Rf1 h5 58. Rh1 hxg4 59. Rg1
Kf5 60. Rf1+ Bf4 61. Rg1 g5 62. Rg2 g3 63. Rg1 Kg4 64. Rh1 g2 65. Rg1 Kg3 66.
Rc1 Kh2 67. Rd1 g1=Q 68. Rxg1 Kxg1 69. Kd1 Kf2 70. Kc2 Ke2 0-1

[Event "Women's Speed Chess Q1"]
[Site "chess.com INT"]
[Date "2020.06.18"]
[Round "1"]
[White "Swati, Mohota"]
[Black "Bartel, Marta"]
[Result "1-0"]
[WhiteTitle "WFM"]
[BlackTitle "WGM"]
[WhiteElo "2027"]
[BlackElo "2192"]
[WhiteFideId "5006511"]
[BlackFideId "1123009"]
[EventDate "2020.06.18"]

1. d4 d5 2. c4 e6 3. Nc3 a6 4. cxd5 exd5 5. Bf4 Nf6 6. e3 Bd6 7. Bxd6 Qxd6 8.
Nf3 O-O 9. Be2 Nbd7 10. O-O Ne4 11. Rc1 Ndf6 12. Ne5 c6 13. Nxe4 Nxe4 14. f3 Nf6
15. Qc2 Re8 16. Bd3 h6 17. Bf5 Bxf5 18. Qxf5 Qb4 19. Rf2 a5 20. g4 Re6 21. h4
Qe7 22. g5 Nh5 23. Qg4 g6 24. gxh6 Kh7 25. Rg2 Rxe5 26. dxe5 Qxe5 27. Qd4 Qxd4
28. exd4 Nf4 29. Rd2 Kxh6 30. Re1 Ne6 31. Kh2 Kg7 32. Kg3 Kf6 33. Rh1 Rh8 34.
Kg4 Rh5 35. Rhh2 Rf5 36. Rhe2 Rf4+ 37. Kg3 Rf5 38. Rh2 Rf4 39. Rhe2 Rf5 40. Rh2
Ke7 41. Kg4 Rf4+ 42. Kg3 Rxd4 43. Rxd4 Nxd4 44. h5 gxh5 45. Rxh5 Ke6 46. Rh6+ f6
47. Rh7 b5 48. Ra7 a4 49. Kf4 Ne2+ 50. Ke3 Ng3 51. b3 Nf5+ 52. Kf4 axb3 53. axb3
Nd6 54. Rc7 d4 55. Rxc6 Kd5 56. Rc1 b4 57. Rc2 Nb5 58. Rh2 Nc3 59. Rh5+ Kd6 60.
Rf5 Nd5+ 61. Ke4 Nc3+ 62. Kd3 Ke6 63. Rc5 1-0

[Event "Women's Speed Chess Q1"]
[Site "chess.com INT"]
[Date "2020.06.18"]
[Round "1"]
[White "Nithyalakshmi, Sivanesan"]
[Black "Aakanksha, Hagawane"]
[Result "0-1"]
[WhiteTitle "WCM"]
[BlackTitle "WIM"]
[WhiteElo "1945"]
[BlackElo "2238"]
[WhiteFideId "5706955"]
[BlackFideId "25014510"]
[EventDate "2020.06.18"]

1. d4 Nf6 2. c4 c5 3. d5 e6 4. Nc3 exd5 5. cxd5 d6 6. e4 g6 7. h3 Bg7 8. Nf3 O-O
9. Bd3 b5 10. Nxb5 Re8 11. Nc3 Nxe4 12. Bxe4 Bxc3+ 13. bxc3 Rxe4+ 14. Be3 Ba6
15. Qc2 Re8 16. c4 Qa5+ 17. Nd2 Nd7 18. O-O Ne5 19. Rfe1 Rab8 20. f4 Nd7 21. Ne4
Qc7 22. a3 Re7 23. Bf2 Rbe8 24. Bh4 f6 25. Bxf6 Rxe4 26. Rxe4 Rxe4 27. Qxe4 Nxf6
28. Qc2 Qe7 29. Kf2 Qe4 30. Qxe4 Nxe4+ 31. Ke3 Nf6 32. Rc1 Kf7 33. g4 Nd7 34.
Rb1 Nb6 35. Ke4 Bxc4 36. a4 Bxd5+ 37. Kd3 Nxa4 38. Rb8 Nb6 39. Rd8 Ke7 40. Rh8
Bf7 41. Rxh7 d5 42. h4 d4 43. h5 gxh5 44. g5 Kf8 45. f5 Bc4+ 46. Kd2 Bd5 47.
Rxa7 c4 48. g6 Kg8 49. f6 c3+ 50. Kd3 Be6 51. Rb7 Bf5+ 52. Kxd4 c2 53. Rc7 Bxg6
54. Ke5 Kf8 55. Kd6 Bf7 56. Rxc2 Nc4+ 57. Kc5 Ne3 58. Rh2 Ng4 59. Rh4 Nxf6 60.
Kd6 Kg7 61. Ke5 Kg6 62. Rf4 Ng4+ 63. Ke4 Be6 64. Kf3 Kg5 65. Rf8 Bd5+ 66. Kg3
Be6 67. Rh8 Nh6 68. Rd8 h4+ 69. Kh2 Ng4+ 70. Kg2 Nf6 71. Kh2 Bf5 72. Rf8 Ng4+
73. Kg2 Ne5 74. Kh2 Kf4 75. Rxf5+ Kxf5 76. Kh3 Kg5 77. Kh2 Kg4 78. Kg2 h3+ 79.
Kh2 Kh4 80. Kh1 Kg3 81. Kg1 Nf3+ 82. Kh1 Ng5 83. Kg1 Ne4 84. Kh1 Nf2+ 85. Kg1
h2+ 0-1

[Event "Women's Speed Chess Q1"]
[Site "chess.com INT"]
[Date "2020.06.18"]
[Round "1"]
[White "Vovk, Anastasiia"]
[Black "Ghomi, Parnian"]
[Result "0-1"]
[WhiteTitle "WGM"]
[BlackTitle "WCM"]
[WhiteElo "2076"]
[BlackElo "2006"]
[WhiteFideId "14110563"]
[BlackFideId "22502785"]
[EventDate "2020.06.18"]

1. e4 e6 2. d4 d5 3. Nd2 Nf6 4. e5 Nfd7 5. Bd3 c5 6. c3 Nc6 7. Ne2 cxd4 8. cxd4
f6 9. Nf3 fxe5 10. dxe5 Ndxe5 11. Nxe5 Nxe5 12. Bb5+ Bd7 13. Bxd7+ Qxd7 14. O-O
Bd6 15. Nd4 O-O 16. Bg5 Nc6 17. Nf3 Ne5 18. Nd4 Nf7 19. Bh4 e5 20. Nf3 Qe6 21.
Bg3 Rad8 22. Re1 e4 23. Nd4 Qg6 24. Bh4 Ng5 25. Bxg5 Qxg5 26. Qb3 Qf4 27. Qg3
Qxg3 28. hxg3 Bc5 29. Rad1 Rf6 30. Re2 Rdf8 31. Rdd2 a6 32. a3 Ba7 33. Nb3 e3
34. fxe3 Rf1+ 35. Kh2 R8f6 36. g4 Bb8+ 37. g3 Rh6+ 38. Kg2 Rhh1 39. Rf2 Rfg1+
40. Kf3 Rxg3+ 41. Ke2 Rhh3 42. Rxd5 Rxe3+ 43. Kd2 Bc7 44. Rd7 Rxb3 45. Rxc7
Rxb2+ 46. Rc2 Rxc2+ 47. Kxc2 Rxa3 48. Kb2 Ra5 49. Rf4 Rb5+ 50. Kc3 g6 51. Kc4
Kg7 52. Rf3 Kh6 53. Rh3+ Kg5 54. Rxh7 Kxg4 55. Rg7 g5 56. Rg6 Kg3 57. Kd4 g4 58.
Ke4 a5 59. Kd4 a4 60. Rg8 Kf3 61. Ra8 Rb4+ 62. Kd3 Rb3+ 63. Kd2 a3 64. Rf8+ Kg2
65. Ra8 g3 66. Kc2 Rf3 67. Kb1 Kf1 68. Rg8 g2 69. Ka2 g1=Q 70. Rxg1+ Kxg1 71.
Ka1 Kf2 72. Ka2 Ke2 73. Kb1 Rb3+ 74. Ka2 Rb6 75. Kxa3 Kd3 76. Ka4 Kc4 77. Ka5
Rb1 0-1

[Event "Women's Speed Chess Q1"]
[Site "chess.com INT"]
[Date "2020.06.18"]
[Round "2"]
[White "Papp, Sarah"]
[Black "Gaponenko, Inna"]
[Result "0-1"]
[WhiteTitle "WGM"]
[BlackTitle "IM"]
[WhiteElo "2334"]
[BlackElo "2396"]
[WhiteFideId "24606812"]
[BlackFideId "14101181"]
[EventDate "2020.06.18"]

1. e4 g6 2. d4 Bg7 3. Nc3 d6 4. Be3 a6 5. Qd2 b5 6. f3 Bb7 7. h4 h6 8. h5 g5 9.
g4 Nd7 10. Nge2 Nb6 11. Ng3 e6 12. d5 Be5 13. f4 gxf4 14. Bxf4 Qf6 15. Bxe5 Qxe5
16. Rh3 b4 17. Nd1 Nxd5 18. Bd3 Nf4 19. Nf1 Nxh3 0-1

[Event "Women's Speed Chess Q1"]
[Site "chess.com INT"]
[Date "2020.06.18"]
[Round "2"]
[White "Vakhania, Aleksandra"]
[Black "Tsukerman, Julia"]
[Result "1-0"]
[WhiteTitle "WIM"]
[BlackTitle "WCM"]
[WhiteElo "2138"]
[BlackElo "1523"]
[WhiteFideId "13602560"]
[BlackFideId "2621649"]
[EventDate "2020.06.18"]

1. d4 Nf6 2. Nf3 e6 3. Bg5 d5 4. Nbd2 c5 5. e3 Be7 6. c3 Nc6 7. Bd3 b6 8. Qe2
Bb7 9. O-O O-O 10. Ne5 Qc7 11. f4 h6 12. Bxf6 Bxf6 13. Qh5 Bc8 14. Rf3 Kh8 15.
Ng4 g6 16. Qxh6+ 1-0

[Event "Women's Speed Chess Q1"]
[Site "chess.com INT"]
[Date "2020.06.18"]
[Round "2"]
[White "Mukhina, Jana"]
[Black "Reyes Jara, Paula"]
[Result "1-0"]
[WhiteTitle "WFM"]
[BlackTitle "WFM"]
[WhiteElo "2068"]
[BlackElo "1871"]
[WhiteFideId "34115428"]
[BlackFideId "3403920"]
[EventDate "2020.06.18"]

1. e4 e5 2. d4 exd4 3. Nf3 Nc6 4. Bc4 Bc5 5. c3 Nf6 6. e5 d5 7. exf6 dxc4 8.
fxg7 Rg8 9. O-O d3 10. Re1+ Be6 11. Ng5 Qd6 12. Nxe6 fxe6 13. Qh5+ Kd7 14. Nd2
Qd5 15. Ne4 Qxh5 16. Nf6+ Ke7 17. Nxh5 Rad8 18. Bg5+ Kd7 19. Bxd8 Kxd8 20. Rxe6
Ne7 21. Rh6 d2 22. Rxh7 c6 23. Rd1 Kc7 24. Nf6 1-0

[Event "Women's Speed Chess Q1"]
[Site "chess.com INT"]
[Date "2020.06.18"]
[Round "2"]
[White "Hng, Mei-En Emmanuelle"]
[Black "Toncheva, Nadya"]
[Result "1-0"]
[WhiteTitle "WFM"]
[BlackTitle "WFM"]
[WhiteElo "2029"]
[BlackElo "2064"]
[WhiteFideId "5804566"]
[BlackFideId "2924056"]
[EventDate "2020.06.18"]

1. e4 c5 2. d4 cxd4 3. c3 dxc3 4. Nxc3 Nc6 5. Bc4 e6 6. Nf3 d6 7. O-O Nf6 8. Qe2
Be7 9. Rd1 O-O 10. e5 Ne8 11. exd6 Nxd6 12. Nb5 Re8 13. Bf4 e5 14. Nxe5 Nxe5 15.
Qxe5 Bf8 16. Qc3 Nxb5 17. Rxd8 Nxc3 18. Rxe8 1-0

[Event "Women's Speed Chess Q1"]
[Site "chess.com INT"]
[Date "2020.06.18"]
[Round "2"]
[White "Nithyalakshmi, Sivanesan"]
[Black "Sargsyan, Anna M."]
[Result "0-1"]
[WhiteTitle "WCM"]
[BlackTitle "WGM"]
[WhiteElo "1945"]
[BlackElo "2405"]
[WhiteFideId "5706955"]
[BlackFideId "13308130"]
[EventDate "2020.06.18"]

1. d4 d5 2. c4 c6 3. Nf3 Nf6 4. Nc3 dxc4 5. a4 Bf5 6. Ne5 Nbd7 7. Nxc4 Qc7 8. g3
e5 9. dxe5 Nxe5 10. Bf4 Nfd7 11. Bg2 g5 12. Bxe5 Nxe5 13. Qd4 f6 14. f4 Nxc4 15.
Qxc4 gxf4 16. gxf4 O-O-O 17. Rc1 Kb8 18. Nd5 Qa5+ 19. b4 cxd5 0-1

[Event "Women's Speed Chess Q1"]
[Site "chess.com INT"]
[Date "2020.06.18"]
[Round "2"]
[White "Bommini, Mounika Akshaya"]
[Black "Hernandez Bonilla, Amelia"]
[Result "1-0"]
[WhiteTitle "WFM"]
[BlackTitle "WFM"]
[WhiteElo "2029"]
[BlackElo "2016"]
[WhiteFideId "25019872"]
[BlackFideId "3900193"]
[EventDate "2020.06.18"]

1. d4 Nf6 2. c4 e6 3. Nc3 Bb4 4. f3 c5 5. d5 Bxc3+ 6. bxc3 d6 7. e4 O-O 8. Bd3
Qe7 9. Ne2 e5 10. O-O Nbd7 11. Ng3 g6 12. f4 Re8 13. f5 Qf8 14. fxg6 fxg6 15.
Bg5 Qg7 16. Qd2 a6 17. Rf3 Rf8 18. Raf1 b5 19. Bh6 Qe7 20. Bxf8 Kxf8 21. Qg5 Kg7
22. Nh5+ 1-0

[Event "Women's Speed Chess Q1"]
[Site "chess.com INT"]
[Date "2020.06.18"]
[Round "2"]
[White "Alboredo, Julia"]
[Black "Sharmin, Samiha Shimmi"]
[Result "1-0"]
[WhiteTitle "WFM"]
[BlackTitle "WCM"]
[WhiteElo "2182"]
[BlackElo "1812"]
[WhiteFideId "2124807"]
[BlackFideId "10203087"]
[EventDate "2020.06.18"]

1. e4 d5 2. exd5 Qxd5 3. Nc3 Qd6 4. d4 Nf6 5. Nge2 a6 6. Bf4 Qd8 7. Qd2 Bf5 8.
O-O-O e6 9. h3 Bb4 10. g4 Bg6 11. Qe3 Nd5 12. Qf3 Nxf4 13. Nxf4 c6 14. h4 Bxc3
15. Qxc3 Be4 16. f3 Bd5 17. Qa3 Nd7 18. c4 Rc8 19. cxd5 cxd5+ 20. Kb1 g5 21. Nh5
Qc7 22. Bd3 1-0

[Event "Women's Speed Chess Q1"]
[Site "chess.com INT"]
[Date "2020.06.18"]
[Round "2"]
[White "Tarini, Goyal"]
[Black "Pham, Bich Ngoc"]
[Result "0-1"]
[WhiteTitle "WFM"]
[BlackTitle "WIM"]
[WhiteElo "2164"]
[BlackElo "2235"]
[WhiteFideId "5082749"]
[BlackFideId "12401285"]
[EventDate "2020.06.18"]

1. d4 g6 2. g3 Bg7 3. Bg2 f5 4. Nf3 Nf6 5. O-O O-O 6. b3 d6 7. Bb2 c6 8. Nbd2
Na6 9. c4 Ne4 10. a3 Qe8 11. Qc2 Nxd2 12. Qxd2 e5 13. dxe5 dxe5 14. Rfd1 Nc5 15.
Qc2 f4 16. Nd2 Qf7 17. Ne4 Nxe4 18. Bxe4 fxg3 19. fxg3 Qf2+ 20. Kh1 Bg4 21. Re1
Rf7 22. e3 Bf3+ 23. Bxf3 Qxc2 0-1

[Event "Women's Speed Chess Q1"]
[Site "chess.com INT"]
[Date "2020.06.18"]
[Round "2"]
[White "Balabayeva, Xeniya"]
[Black "Salimova, Nurgyul"]
[Result "0-1"]
[WhiteTitle "WFM"]
[BlackTitle "IM"]
[WhiteElo "2146"]
[BlackElo "2372"]
[WhiteFideId "13719688"]
[BlackFideId "2915138"]
[EventDate "2020.06.18"]

1. e4 c6 2. d4 d5 3. Nd2 dxe4 4. Nxe4 Nf6 5. Nxf6+ exf6 6. c3 Bd6 7. Bd3 O-O 8.
Ne2 Re8 9. Qc2 h5 10. h3 Nd7 11. Be3 Nf8 12. O-O-O Be6 13. Kb1 b5 14. g4 h4 15.
Rdg1 g6 16. Qd2 a5 17. f4 Bd5 18. Rh2 Qb6 19. f5 Bxh2 20. Rf1 Rxe3 21. Qxe3 g5
22. Qe7 Qd8 23. Qe3 Qe8 24. Qf2 Bd6 25. Re1 Qd7 26. Nc1 Bg3 0-1

[Event "Women's Speed Chess Q1"]
[Site "chess.com INT"]
[Date "2020.06.18"]
[Round "2"]
[White "Buksa, Nataliya"]
[Black "Cagara, Paulina"]
[Result "1-0"]
[WhiteTitle "IM"]
[WhiteElo "2410"]
[BlackElo "2054"]
[WhiteFideId "14123622"]
[BlackFideId "1124870"]
[EventDate "2020.06.18"]

1. d4 f5 2. g4 fxg4 3. e4 d6 4. Nc3 Nc6 5. Be2 Nf6 6. Bg5 g6 7. Qd2 Bg7 8. O-O-O
O-O 9. h3 e5 10. d5 Nd4 11. hxg4 Nxe2+ 12. Qxe2 Bxg4 13. f3 Bh5 14. Qg2 Qd7 15.
Nge2 b5 16. Rdf1 b4 17. Nd1 Qa4 18. Ng3 Qxa2 19. Nxh5 gxh5 20. Bh6 Rf7 21. Rfg1
Nxe4 22. fxe4 Raf8 23. Bxg7 Qa1+ 24. Kd2 Rf2+ 25. Nxf2 1-0

[Event "Women's Speed Chess Q1"]
[Site "chess.com INT"]
[Date "2020.06.18"]
[Round "2"]
[White "Nurmanova, Alua"]
[Black "Bouah, Denise"]
[Result "1-0"]
[WhiteTitle "WFM"]
[BlackTitle "WIM"]
[WhiteElo "2026"]
[BlackElo "1770"]
[WhiteFideId "13729390"]
[BlackFideId "14300818"]
[EventDate "2020.06.18"]

1. e4 c5 2. Nf3 d6 3. d4 cxd4 4. Nxd4 Nc6 5. Nc3 Nf6 6. Bc4 Qb6 7. Be3 Qxb2 8.
Ndb5 Qb4 9. Qe2 Qa5 10. Bd2 Qd8 11. Nd5 Bg4 12. Nxf6+ gxf6 13. Qxg4 a6 14. Nc3
b5 15. Bb3 Ne5 16. Qe2 Rg8 17. f4 Ng4 18. h3 Nh6 19. a4 b4 20. Nd5 e6 21. Nxb4
f5 22. a5 Qh4+ 23. Kd1 fxe4 24. Ba4+ Ke7 25. Nc6+ Kf6 26. Be1 Qxf4 27. Rf1 1-0

[Event "Women's Speed Chess Q1"]
[Site "chess.com INT"]
[Date "2020.06.18"]
[Round "2"]
[White "Alinasab, Mobina"]
[Black "Hrabinska, Myroslava"]
[Result "1-0"]
[WhiteTitle "WIM"]
[BlackTitle "WGM"]
[WhiteElo "2317"]
[BlackElo "2235"]
[WhiteFideId "12528897"]
[BlackFideId "14109190"]
[EventDate "2020.06.18"]

1. e4 c5 2. Nf3 Nc6 3. d4 cxd4 4. Nxd4 e5 5. Nb5 d6 6. c4 Be7 7. N1c3 a6 8. Na3
f5 9. Bd3 f4 10. g3 Nf6 11. gxf4 exf4 12. Bxf4 O-O 13. Rg1 Ne5 14. Be2 Nxe4 15.
Qd5+ Kh8 16. Qxe4 Bf5 17. Qd5 Rc8 18. O-O-O Rc5 19. Qxc5 1-0

[Event "Women's Speed Chess Q1"]
[Site "chess.com INT"]
[Date "2020.06.18"]
[Round "2"]
[White "Castillo Pena, Patricia Evarista"]
[Black "Nandhidhaa, P V"]
[Result "0-1"]
[WhiteTitle "WCM"]
[BlackTitle "WGM"]
[WhiteElo "1770"]
[BlackElo "2365"]
[WhiteFideId "6412106"]
[BlackFideId "5050847"]
[EventDate "2020.06.18"]

1. d4 Nf6 2. Nf3 e6 3. e3 d5 4. Bd3 Be7 5. b3 O-O 6. Bb2 b6 7. O-O Bb7 8. Nbd2
c5 9. Qe2 Nc6 10. a3 Rc8 11. Rac1 Re8 12. Ne5 Bf8 13. f4 g6 14. Ndf3 Bg7 15. Ng5
Re7 16. Rf2 cxd4 17. exd4 Rec7 18. Rcf1 Ne4 19. Nxe4 dxe4 20. Bxe4 Nxd4 21. Bxd4
Qxd4 22. Rd1 Qxe4 0-1

[Event "Women's Speed Chess Q1"]
[Site "chess.com INT"]
[Date "2020.06.18"]
[Round "2"]
[White "Daulyte-Cornette, Deimante"]
[Black "Smietanska, Wiktoria"]
[Result "1-0"]
[WhiteTitle "IM"]
[BlackTitle "CM"]
[WhiteElo "2400"]
[BlackElo "1593"]
[WhiteFideId "12802859"]
[BlackFideId "21869359"]
[EventDate "2020.06.18"]

1. e4 c5 2. Nc3 Nc6 3. Bb5 Nd4 4. Nf3 g6 5. Bc4 Bg7 6. Nxd4 cxd4 7. Qf3 e6 8.
Nb5 Qb6 9. Qf4 d5 10. exd5 exd5 11. Nc7+ Kd8 12. Nxa8 Qe6+ 13. Be2 Be5 14. Qf3
Nf6 15. d3 Qe7 16. h3 h5 17. Bg5 Be6 18. O-O Kd7 19. c4 dxc4 20. dxc4 Kc8 21.
Bd3 Kb8 22. Rfe1 Bd7 23. Rxe5 Qxe5 24. Bf4 1-0

[Event "Women's Speed Chess Q1"]
[Site "chess.com INT"]
[Date "2020.06.18"]
[Round "2"]
[White "Tereladze, Sopiko"]
[Black "Mendoza, Shania Mae"]
[Result "1-0"]
[WhiteTitle "WIM"]
[BlackTitle "WFM"]
[WhiteElo "2141"]
[BlackElo "2158"]
[WhiteFideId "13600486"]
[BlackFideId "5211158"]
[EventDate "2020.06.18"]

1. e4 c6 2. d4 d5 3. Nc3 dxe4 4. Nxe4 Bf5 5. Nc5 e5 6. Nb3 exd4 7. Nxd4 Bg6 8.
Ngf3 Be7 9. Bd3 Nf6 10. O-O O-O 11. Nf5 Re8 12. Nxe7+ Rxe7 13. Bxg6 Qxd1 14.
Rxd1 hxg6 15. Rd8+ Re8 16. Rxe8+ Nxe8 17. Bf4 Nd7 18. Rd1 Nb6 19. Kf1 Nf6 20. b3
Nfd5 21. Be5 f6 22. Bb2 Nb4 23. a3 N4d5 24. c4 Ne7 25. Bc3 Kf7 26. Bb4 a5 27.
Bc5 Nbc8 28. Rd7 b6 29. Bxe7 Nxe7 30. Nd4 Ke8 31. Rb7 Rd8 32. Rxe7+ Kxe7 33.
Nxc6+ Kd7 34. Nxd8 Kxd8 35. Ke2 Kd7 36. Kd3 Kd6 37. Kd4 Kc6 38. b4 axb4 39. axb4
Kd6 40. c5+ bxc5+ 41. bxc5+ Kc6 42. Kc4 g5 43. g4 g6 44. h3 f5 45. Kd4 Kb5 46.
Kd5 Kb4 47. c6 Kc3 48. c7 Kd3 49. c8=Q Ke2 50. gxf5 Kxf2 51. fxg6 Kg3 52. g7 g4
53. Qxg4+ Kh2 54. g8=Q Kh1 55. Qg2# 1-0

[Event "Women's Speed Chess Q1"]
[Site "chess.com INT"]
[Date "2020.06.18"]
[Round "2"]
[White "De Seroux, Camille"]
[Black "Koridze, Lile"]
[Result "1/2-1/2"]
[WhiteTitle "WIM"]
[BlackTitle "WFM"]
[WhiteElo "2137"]
[BlackElo "1996"]
[WhiteFideId "1305620"]
[BlackFideId "13612514"]
[EventDate "2020.06.18"]

1. e4 c5 2. Nc3 Nc6 3. Bb5 d6 4. Bxc6+ bxc6 5. d3 Nf6 6. f4 g6 7. Nf3 Bg7 8. O-O
O-O 9. Qe1 Qc7 10. Qh4 Ba6 11. f5 c4 12. d4 e5 13. dxe5 dxe5 14. Bh6 Qb6+ 15.
Kh1 Qxb2 16. Na4 Qa3 17. Ng5 Nh5 18. Bxg7 Kxg7 19. f6+ Kh8 20. g4 h6 21. gxh5
hxg5 22. Qxg5 Kh7 23. hxg6+ fxg6 24. Qh4+ Kg8 25. Qh6 Rf7 26. Qxg6+ Kf8 27. Qh6+
Ke8 28. Qh8+ Rf8 29. Qh5+ Rf7 30. Qh8+ Rf8 31. Qh5+ Rf7 32. Qh8+ 1/2-1/2

[Event "Women's Speed Chess Q1"]
[Site "chess.com INT"]
[Date "2020.06.18"]
[Round "2"]
[White "Maklakova, Nellija"]
[Black "Kanyamarala, Trisha"]
[Result "1-0"]
[BlackTitle "WIM"]
[WhiteElo "1833"]
[BlackElo "2193"]
[WhiteFideId "11603470"]
[BlackFideId "45004722"]
[EventDate "2020.06.18"]

1. c4 Nf6 2. d4 e6 3. Nc3 d5 4. Nf3 Bb4 5. Qa4+ Nc6 6. a3 Bxc3+ 7. bxc3 O-O 8.
c5 Ne4 9. Qc2 f6 10. e3 e5 11. Bd3 Re8 12. O-O Bg4 13. Ne1 exd4 14. f3 dxe3 15.
fxg4 Qe7 16. Bxe3 Nxc5 17. Bxc5 Qxc5+ 18. Kh1 h6 19. Nf3 Ne5 20. Nxe5 fxe5 21.
Bh7+ Kh8 22. Qg6 Qc6 23. Rf7 Qxg6 24. Bxg6 d4 25. cxd4 exd4 26. Rxc7 Re2 27.
Rxb7 Rf8 28. h3 h5 29. gxh5 Re3 30. Rxa7 d3 31. Rd1 Rd8 32. Rd2 Kg8 33. a4 Kf8
34. a5 Rd6 35. Ra8+ Ke7 36. Re8+ 1-0